000 00452nab a2200145Ia 4500
003 ES-SlBCS
005 20210601125225.0
008 140529s1969 xxu||||| |||| 00| 0 eng d
041 _aeng
100 1 _aMelden, A. I.
_9151730
245 0 0 _aExpresives, Descriptives, Performatives
_c A. I. Melden
650 0 4 _aFilosofía del Lenguaje
_918397
773 0 _tPhilosophy and Phenomenological Research
_gvol. 29, 1969, págs. 498-505
_wRev1411
942 _cAR
999 _c526769
_d526769